Estadísticas para Equipo ideal La Liga 2013-2023

Haz click aquí para intentar la prueba.

Estadísticas generales

  • Esta prueba ha sido intentada 443 veces
  • La puntuación promedio es 63 de 110

Estadísticas de respuestas

HintRespuesta% Correcto
Answer 19 | Answer 30 | Answer 41 | +5 othersMessi
97%
Answer 10 | Answer 20 | Answer 32 | +2 othersCristiano Ronaldo
96%
Answer 99Ter Stegen
91%
Answer 1 | Answer 66Courtois
90%
Answer 35 | Answer 4 | Answer 46 | +2 othersSergio Ramos
88%
Answer 50 | Answer 62 | Answer 73 | +2 othersModric
86%
Answer 21Neymar Jr
83%
Answer 22 | Answer 33 | Answer 44 | +2 othersOblak
83%
Answer 13 | Answer 24 | Answer 47 | Answer 58Piqué
82%
Answer 64 | Answer 75 | Answer 86 | Answer 97Benzema
81%
Answer 29 | Answer 39 | Answer 72 | Answer 83Kroos
79%
Answer 16 | Answer 27 | Answer 38 | Answer 49Busquets
68%
Answer 100 | Answer 67Carvajal
68%
Answer 12Dani Alves
68%
Answer 65Luis Suárez
65%
Answer 31 | Answer 42 | Answer 53Luís Suárez
65%
Answer 15 | Answer 37Marcelo
64%
Answer 109 | Answer 98Vinicius Jr
60%
Answer 26 | Answer 48 | Answer 59 | +2 othersJordi Alba
59%
Answer 107Griezmann
56%
Answer 71 | Answer 82 | Answer 93Casemiro
55%
Answer 89Jesús Navas
53%
Answer 18 | Answer 28 | Answer 5Koke
46%
Answer 11Claudio Bravo
45%
Answer 101 | Answer 91Araújo
43%
Answer 106Gavi
41%
Answer 108Lewandowski
38%
Answer 69 | Answer 80Varane
37%
Answer 14 | Answer 25 | Answer 3Godín
36%
Answer 90Militao
34%
Answer 40Isco
29%
Answer 2 | Answer 23Juanfran
27%
Answer 9Diego Costa
25%
Answer 104De Jong
22%
Answer 96Iago Aspas
21%
Answer 102Koundé
21%
Answer 88Bono
20%
Answer 4Filipe Luis
20%
Answer 103Balde
19%
Answer 6Di María
18%
Answer 17James Rodríguez
14%
Answer 60Parejo
12%
Answer 7Cesc Fábregas
10%
Answer 76 | Answer 87Gerard Moreno
10%
Answer 79Savic
8%
Answer 105Merino
6%
Answer 78Trippier
5%
Answer 92Acuña
4%
Answer 45Odriozola
4%
Answer 36Laporte
3%
Answer 95Muniain
3%
Answer 61Cazorla
2%
Answer 34Mario Gaspar
2%
Answer 56Damián Suárez
1%
Answer 51Fornals
1%

Distribución de puntuación

Porcentaje por número respondido

Porcentaje de gente con cada puntuación

Historial de tus puntuaciones

No has intentado esta prueba.